| 000 | 00815nam a22001577a 4500 | ||
|---|---|---|---|
| 003 | OSt | ||
| 005 | 20151007162512.0 | ||
| 008 | 151007b xxu||||| |||| 00| 0 eng d | ||
| 040 | _cRUA | ||
| 082 | _aAVM SOM 2006 B081 Or.1 | ||
| 100 |
_92311 _aSOM, SAMOL. |
||
| 245 | _aStudy on broiler raising of sros sokhim kdanroy village domnak aompel commune angsnoul district kandal province, ការសិក្សាលើការចិញ្ចឹមមាន់សាច់នៅស្ថានីយ៍ចិញ្ចឹមមាន់ស្រស់សុឃីម ភូមិក្ដាន់រយ ឃុំដំណាក់អំពិល ស្រុកអង្គស្នូល ខេត្តកណ្ដាល | ||
| 260 |
_aPhnom Penh _bRUA _c2008 |
||
| 300 |
_a42p. _bill. _c29cm. |
||
| 942 |
_2ddc _cAVM |
||
| 999 |
_c2177 _d2177 |
||